[Event "CAN-op"]
[Site "Edmonton CAN"]
[Date "2005.07.11"]
[Round "4"]
[White "Nikouline, Alexandre"]
[Black "Gentes, Kevin"]
[Result "0-1"]
[WhiteElo "1947"]
[BlackElo "2331"]
[PlyCount "58"]
[GameId "2160767910901634"]
[EventDate "2005.07.09"]
[EventType "swiss"]
[EventRounds "10"]
[EventCountry "CAN"]
[SourceTitle "CBM 107 Extra"]
[Source "ChessBase"]
[SourceDate "2005.09.01"]
[SourceVersion "1"]
[SourceVersionDate "2005.09.01"]
[SourceQuality "1"]

1. e4 c5 2. Nf3 d6 3. d4 cxd4 4. Nxd4 Nf6 5. Nc3 a6 6. Bg5 Qa5 7. Bxf6 gxf6 8. f4 Nd7 9. Nb3 Qd8 10. Qf3 Bg7 11. O-O-O O-O 12. g4 e6 13. Rxd6 Qc7 14. Rd2 Bh6 15. g5 fxg5 16. fxg5 Bg7 17. h4 b5 18. Qd1 Ne5 19. Rh3 Bb7 20. Kb1 b4 21. Na4 Bxe4 22. Bg2 Bxg2 23. Rxg2 Qc6 24. Rhg3 Qxa4 25. h5 Rad8 26. Qe1 Qd7 27. Rd2 Qc7 28. g6 hxg6 29. Rh2 Nf3 0-1

[Event "CAN-op"]
[Site "Edmonton CAN"]
[Date "2005.07.11"]
[Round "4"]
[White "O'Brien, Sandy"]
[Black "Trandafir, Stefan"]
[Result "0-1"]
[WhiteElo "1392"]
[BlackElo "1731"]
[PlyCount "60"]
[GameId "2160767910901635"]
[EventDate "2005.07.09"]
[EventType "swiss"]
[EventRounds "10"]
[EventCountry "CAN"]
[SourceTitle "CBM 107 Extra"]
[Source "ChessBase"]
[SourceDate "2005.09.01"]
[SourceVersion "1"]
[SourceVersionDate "2005.09.01"]
[SourceQuality "1"]

1. e4 c5 2. Nf3 Nc6 3. Bb5 d6 4. O-O Bd7 5. c3 Nf6 6. Re1 Qb6 7. a4 a6 8. Bxc6 Bxc6 9. d3 e6 10. Nbd2 Be7 11. Nc4 Qc7 12. e5 Nd7 13. exd6 Bxd6 14. Nxd6+ Qxd6 15. Be3 O-O 16. Ng5 Nf6 17. Nf3 Rfd8 18. d4 Qc7 19. Bg5 Rd7 20. Bxf6 gxf6 21. Nh4 Qf4 22. g3 Qg5 23. f4 Qd5 24. Qg4+ Kh8 25. dxc5 Qh1+ 26. Kf2 Qxh2+ 27. Kf1 Rd2 28. Re2 Qh1+ 29. Kf2 Rxe2+ 30. Qxe2 Qxa1 0-1

[Event "CAN-op"]
[Site "Edmonton CAN"]
[Date "2005.07.11"]
[Round "4"]
[White "Oberton, Daniel"]
[Black "Dewindt, Cor"]
[Result "1/2-1/2"]
[WhiteElo "1656"]
[BlackElo "1414"]
[PlyCount "98"]
[GameId "2160767910901636"]
[EventDate "2005.07.09"]
[EventType "swiss"]
[EventRounds "10"]
[EventCountry "CAN"]
[SourceTitle "CBM 107 Extra"]
[Source "ChessBase"]
[SourceDate "2005.09.01"]
[SourceVersion "1"]
[SourceVersionDate "2005.09.01"]
[SourceQuality "1"]

1. e4 c6 2. d4 d5 3. exd5 cxd5 4. Nf3 Nf6 5. Bd3 Bg4 6. h3 Bxf3 7. Qxf3 e6 8. Nc3 Bb4 9. Bd2 Nc6 10. a3 Bxc3 11. Bxc3 O-O 12. g4 g6 13. h4 Re8 14. O-O-O h5 15. gxh5 Nxh5 16. Rdg1 Qf6 17. Qxh5 Kf8 18. Qg4 Ke7 19. Qg5 Rh8 20. Bb5 Qxg5+ 21. Rxg5 Kf6 22. Rg3 Ne7 23. Bd2 Kg7 24. Bd3 Rh5 25. Rg5 Rh7 26. h5 Rah8 27. Be2 Nf5 28. c3 Rc8 29. Kb1 Nd6 30. f3 Rch8 31. Bf4 Ne8 32. c4 Nf6 33. Be5 dxc4 34. Bxc4 Rxh5 35. Rhxh5 Rxh5 36. f4 Rh1+ 37. Ka2 Re1 38. Rg2 Rxe5 39. dxe5 Nh5 40. f5 exf5 41. e6 fxe6 42. Bxe6 Nf4 43. Rd2 Nxe6 44. Rd7+ Kf6 45. Rxb7 f4 46. Rd7 f3 47. b4 f2 48. Rd1 Nf4 49. Rf1 Nh3 1/2-1/2

[Event "CAN-op"]
[Site "Edmonton CAN"]
[Date "2005.07.11"]
[Round "4"]
[White "Olson, Hans"]
[Black "Caron, Harvey"]
[Result "1-0"]
[WhiteElo "2002"]
[BlackElo "1741"]
[PlyCount "97"]
[GameId "2160767910901637"]
[EventDate "2005.07.09"]
[EventType "swiss"]
[EventRounds "10"]
[EventCountry "CAN"]
[SourceTitle "CBM 107 Extra"]
[Source "ChessBase"]
[SourceDate "2005.09.01"]
[SourceVersion "1"]
[SourceVersionDate "2005.09.01"]
[SourceQuality "1"]

1. e4 c5 2. Nc3 d6 3. f4 e6 4. Nf3 Nf6 5. Bb5+ Nc6 6. d3 a6 7. Bxc6+ bxc6 8. O-O Be7 9. e5 Nd5 10. Ne4 f5 11. Nxd6+ Bxd6 12. exd6 Qxd6 13. Ne5 Nf6 14. Qf3 Qd5 15. Be3 Qxf3 16. Rxf3 g6 17. Bxc5 Nd7 18. Nxd7 Bxd7 19. Re1 Kf7 20. Kf2 h6 21. Bd4 Rhg8 22. Rh3 h5 23. Bc5 Bc8 24. d4 Rb8 25. b4 Bd7 26. c4 Rge8 27. Rhe3 Ra8 28. d5 Rab8 29. dxc6 Bxc6 30. Rd1 Red8 31. Red3 Rxd3 32. Rxd3 Rc8 33. g3 Ke8 34. Ke3 a5 35. a3 axb4 36. axb4 Kf7 37. Rd6 Rc7 38. Kd4 Bf3 39. Bb6 Re7 40. c5 Be2 41. c6 g5 42. c7 Ba6 43. Rd8 e5+ 44. fxe5 f4 45. gxf4 gxf4 46. c8=Q Bxc8 47. Rxc8 Kg6 48. Rc6+ Kg5 49. Bd8 1-0

[Event "CAN-op"]
[Site "Edmonton CAN"]
[Date "2005.07.11"]
[Round "4"]
[White "Panjwani, Dilip"]
[Black "Palcic, Branko"]
[Result "1-0"]
[WhiteElo "1662"]
[BlackElo "1433"]
[PlyCount "47"]
[GameId "2160767910901638"]
[EventDate "2005.07.09"]
[EventType "swiss"]
[EventRounds "10"]
[EventCountry "CAN"]
[SourceTitle "CBM 107 Extra"]
[Source "ChessBase"]
[SourceDate "2005.09.01"]
[SourceVersion "1"]
[SourceVersionDate "2005.09.01"]
[SourceQuality "1"]

1. e4 e6 2. d3 d5 3. Nd2 dxe4 4. dxe4 Nc6 5. f4 Bc5 6. Ngf3 Nf6 7. b3 Ng4 8. Qe2 Nf2 9. Rg1 Nxe4 10. Nxe4 Bxg1 11. Nxg1 Qd4 12. c3 Qxg1 13. g3 Qb6 14. Be3 Qa5 15. Bc5 f5 16. b4 Qa4 17. Ng5 Nd8 18. Qe5 Nf7 19. Qxg7 Qd7 20. Nxf7 Qxf7 21. Qxh8+ Kd7 22. Rd1+ Kc6 23. Bg2+ Kb5 24. c4+ 1-0

[Event "CAN-op"]
[Site "Edmonton CAN"]
[Date "2005.07.11"]
[Round "4"]
[White "Pechenkin, Vladimir"]
[Black "Mandic, Slaven"]
[Result "1-0"]
[WhiteElo "2263"]
[BlackElo "1970"]
[PlyCount "67"]
[GameId "2160767910901640"]
[EventDate "2005.07.09"]
[EventType "swiss"]
[EventRounds "10"]
[EventCountry "CAN"]
[SourceTitle "CBM 107 Extra"]
[Source "ChessBase"]
[SourceDate "2005.09.01"]
[SourceVersion "1"]
[SourceVersionDate "2005.09.01"]
[SourceQuality "1"]

1. Nf3 f5 2. d3 Nf6 3. e4 fxe4 4. dxe4 Nxe4 5. Bd3 d5 6. Bxe4 dxe4 7. Qxd8+ Kxd8 8. Ng5 Ke8 9. Nc3 e5 10. Ngxe4 Bf5 11. Be3 Na6 12. O-O-O Be7 13. Rd5 Bf6 14. Rhd1 Kf7 15. a3 Be6 16. R5d2 h6 17. b4 Be7 18. Nd5 c6 19. Nxe7 Kxe7 20. Bc5+ Nxc5 21. Nxc5 a5 22. Re2 Bd5 23. Rxe5+ Kf7 24. b5 b6 25. Ne4 Bxe4 26. Rd7+ Kf6 27. Rxe4 cxb5 28. Rf4+ Ke5 29. Rfd4 Rac8 30. f4+ Kf5 31. Rxg7 Rc3 32. g4+ Kf6 33. Rgd7 Re8 34. R4d6+ 1-0

[Event "CAN-op"]
[Site "Edmonton CAN"]
[Date "2005.07.11"]
[Round "4"]
[White "Peter, Steven"]
[Black "Aird, Ian"]
[Result "1/2-1/2"]
[WhiteElo "2297"]
[BlackElo "2070"]
[PlyCount "83"]
[GameId "2160767910901641"]
[EventDate "2005.07.09"]
[EventType "swiss"]
[EventRounds "10"]
[EventCountry "CAN"]
[SourceTitle "CBM 107 Extra"]
[Source "ChessBase"]
[SourceDate "2005.09.01"]
[SourceVersion "1"]
[SourceVersionDate "2005.09.01"]
[SourceQuality "1"]

1. Nf3 Nf6 2. c4 e6 3. g3 d5 4. Bg2 Be7 5. O-O O-O 6. b3 c5 7. Bb2 Nc6 8. e3 b6 9. Nc3 Bb7 10. cxd5 Nxd5 11. Nxd5 Qxd5 12. d4 Rfd8 13. Ne5 Qd6 14. Qh5 Nxe5 15. Bxb7 Rab8 16. dxc5 Qxc5 17. Rac1 Qb4 18. Bc3 Qg4 19. Qxg4 Nxg4 20. Ba6 Nf6 21. Be5 Bd6 22. Bxd6 Rxd6 23. Rc7 Rd7 24. Rfc1 Rxc7 25. Rxc7 Ra8 26. e4 g6 27. f3 Ne8 28. Rd7 Nf6 29. Rc7 Ne8 30. Rd7 Nf6 31. Rd2 Kf8 32. Kf2 Ke7 33. Ke3 e5 34. a4 Nd7 35. b4 Nf8 36. f4 f6 37. fxe5 fxe5 38. Rd5 Kf6 39. Rd6+ Ke7 40. Rd5 Kf6 41. Rd6+ Ke7 42. Rd5 1/2-1/2

[Event "CAN-op"]
[Site "Edmonton CAN"]
[Date "2005.07.11"]
[Round "4"]
[White "Pradzinski, Stephanie"]
[Black "Greber, Carter"]
[Result "0-1"]
[WhiteElo "867"]
[BlackElo "1265"]
[PlyCount "42"]
[GameId "2160767910901643"]
[EventDate "2005.07.09"]
[EventType "swiss"]
[EventRounds "10"]
[EventCountry "CAN"]
[SourceTitle "CBM 107 Extra"]
[Source "ChessBase"]
[SourceDate "2005.09.01"]
[SourceVersion "1"]
[SourceVersionDate "2005.09.01"]
[SourceQuality "1"]

1. e4 e5 2. f4 exf4 3. Nf3 Nc6 4. Bc4 d6 5. Bxf7+ Kxf7 6. d3 g5 7. Ng1 Ke8 8. Nc3 Bg7 9. Nce2 Be6 10. Nxf4 gxf4 11. Bxf4 Bxb2 12. Rb1 Qf6 13. Bc1 Bxc1 14. Qxc1 Bxa2 15. Ra1 Nb4 16. Ne2 Bb3 17. c3 Nxd3+ 18. Kd2 Nxc1 19. Rhxc1 Qg5+ 20. Kd3 Rd8 21. Nd4 Bf7 0-1

[Event "CAN-op"]
[Site "Edmonton CAN"]
[Date "2005.07.11"]
[Round "4"]
[White "Purewal, Pal"]
[Black "Sladek, Vaclav"]
[Result "0-1"]
[WhiteElo "1774"]
[BlackElo "2047"]
[PlyCount "102"]
[GameId "2160767910901644"]
[EventDate "2005.07.09"]
[EventType "swiss"]
[EventRounds "10"]
[EventCountry "CAN"]
[SourceTitle "EXT 2022"]
[Source "ChessBase"]
[SourceDate "2021.10.06"]
[SourceVersion "1"]
[SourceVersionDate "2021.10.06"]
[SourceQuality "1"]

1. e4 c5 2. Nc3 Nc6 3. Nf3 e6 4. a3 a6 5. d4 cxd4 6. Nxd4 Qc7 7. Nxc6 Qxc6 8. Be3 b5 9. Bd3 Bb7 10. O-O Nf6 11. f3 Bc5 12. Qe2 d6 13. Bxc5 Qxc5+ 14. Qf2 Rc8 15. Rae1 O-O 16. Kh1 Qxf2 17. Rxf2 Rc7 18. e5 dxe5 19. Rxe5 Rd8 20. h3 h6 21. Re1 Kf8 22. Kh2 Nd5 23. Nxd5 Bxd5 24. Rfe2 Bc4 25. Bxc4 Rxc4 26. c3 Rc5 27. Rc2 Ke7 28. Rce2 a5 29. Rc2 a4 30. Rce2 f5 31. Rc1 Kf6 32. Rce1 Rd6 33. f4 Rcd5 34. g3 g5 35. h4 gxf4 36. gxf4 Rd2 37. Kg3 R6d3+ 38. Kg2 Rd5 39. Kf3 R5d3+ 40. Kg2 Kg6 41. Kf1 Kh5 42. Rxd2 Rxd2 43. Rxe6 Kxh4 44. Rxh6+ Kg4 45. Rb6 Kf3 46. Ke1 Rxb2 47. c4 b4 48. Rd6 Re2+ 49. Kd1 bxa3 50. Ra6 Rb2 51. Kc1 Rb4 0-1

[Event "CAN-op"]
[Site "Edmonton CAN"]
[Date "2005.07.11"]
[Round "4"]
[White "Rajski, Piotr"]
[Black "Pua, Richard"]
[Result "0-1"]
[WhiteElo "1746"]
[BlackElo "1856"]
[PlyCount "116"]
[GameId "2160767910901646"]
[EventDate "2005.07.09"]
[EventType "swiss"]
[EventRounds "10"]
[EventCountry "CAN"]
[SourceTitle "CBM 107 Extra"]
[Source "ChessBase"]
[SourceDate "2005.09.01"]
[SourceVersion "1"]
[SourceVersionDate "2005.09.01"]
[SourceQuality "1"]

1. e4 e5 2. Nf3 Nf6 3. Nxe5 d6 4. Nf3 Nxe4 5. d4 d5 6. Bd3 Bd6 7. O-O O-O 8. c4 c6 9. Nc3 Nxc3 10. bxc3 dxc4 11. Bxc4 Bf5 12. Bd3 Bg4 13. h3 Bh5 14. Re1 Nd7 15. Bg5 Bxf3 16. Bxd8 Bxd1 17. Be7 Rfe8 18. Raxd1 Rxe7 19. Rxe7 Bxe7 20. Re1 Re8 21. d5 Kf8 22. Bf5 Nf6 23. dxc6 bxc6 24. Rb1 g6 25. Bc2 Nd5 26. Rb7 Nxc3 27. Rxa7 Bc5 28. Rd7 Bxf2+ 29. Kh2 Re7 30. Rd8+ Kg7 31. Bb3 Ra7 32. Rd2 Bg3+ 33. Kg1 Re7 34. Bc4 Re1+ 35. Bf1 Ne4 36. Rc2 Bf2+ 37. Rxf2 Nxf2 38. Kxf2 Rc1 39. Bd3 Rc3 40. Ke2 Kf6 41. Kd2 Ra3 42. Bc4 Ke7 43. Ke2 f6 44. Bb3 Rxb3 45. axb3 Kd6 46. Kd3 Kd5 47. Ke3 Kc5 48. Kd3 Kb4 49. Kd4 c5+ 50. Kd5 f5 51. g3 Kxb3 52. Kxc5 Kc3 53. Kd5 Kd3 54. Ke5 Ke3 55. h4 Kf3 56. h5 gxh5 57. Kxf5 Kxg3 58. Kg5 h4 0-1

[Event "CAN-op"]
[Site "Edmonton CAN"]
[Date "2005.07.11"]
[Round "4"]
[White "Raymer, Evan"]
[Black "Achtemichuk, Chris"]
[Result "0-1"]
[WhiteElo "1681"]
[BlackElo "1514"]
[PlyCount "118"]
[GameId "2160767910901647"]
[EventDate "2005.07.09"]
[EventType "swiss"]
[EventRounds "10"]
[EventCountry "CAN"]
[SourceTitle "CBM 107 Extra"]
[Source "ChessBase"]
[SourceDate "2005.09.01"]
[SourceVersion "1"]
[SourceVersionDate "2005.09.01"]
[SourceQuality "1"]

1. e4 c5 2. Nc3 e6 3. g3 Nc6 4. Bg2 b6 5. d3 Bb7 6. Be3 Nf6 7. e5 Ng8 8. f4 f6 9. Be4 f5 10. Bg2 a6 11. Nge2 g6 12. d4 cxd4 13. Nxd4 Na5 14. Bxb7 Nxb7 15. Qf3 Qc7 16. g4 fxg4 17. Qxg4 Bb4 18. Bd2 Ne7 19. O-O-O Qc4 20. Nb3 O-O-O 21. a3 Bxc3 22. Bxc3 Nf5 23. Bd4 Kb8 24. Rd3 Rc8 25. Bc3 Nc5 26. Nxc5 Rxc5 27. Rhd1 Rhc8 28. Qf3 R8c7 29. Rxd7 Rxd7 30. Rxd7 Rc7 31. Rd8+ Rc8 32. Rd7 Qc6 33. Qxc6 Rxc6 34. Rxh7 Rc4 35. Bd2 Nd4 36. c3 Nf5 37. Rf7 Rc6 38. Be1 Kc8 39. Bf2 Kd8 40. Rf6 Ne7 41. Kd2 Ke8 42. Bh4 b5 43. Kc2 a5 44. Kd3 Nd5 45. Kd4 Rc4+ 46. Kd3 Nxf6 47. Bxf6 Rxf4 48. h4 a4 49. Ke3 Rg4 50. Kd3 Kd7 51. Kc2 Rg2+ 52. Kd3 Rxb2 53. c4 Rb3+ 54. Kd4 Rxa3 55. cxb5 Rb3 56. Kc4 Rb1 57. Bg5 a3 58. Bd2 a2 59. Bc3 Rc1 0-1

[Event "CAN-op"]
[Site "Edmonton CAN"]
[Date "2005.07.11"]
[Round "4"]
[White "Reeve, Jeff"]
[Black "Tyomkin, Dimitri"]
[Result "0-1"]
[WhiteElo "2364"]
[BlackElo "2549"]
[PlyCount "80"]
[GameId "2160767910901648"]
[EventDate "2005.07.09"]
[EventType "swiss"]
[EventRounds "10"]
[EventCountry "CAN"]
[SourceTitle "CBM 107 Extra"]
[Source "ChessBase"]
[SourceDate "2005.09.01"]
[SourceVersion "1"]
[SourceVersionDate "2005.09.01"]
[SourceQuality "1"]

1. e4 c5 2. Nf3 Nc6 3. d4 cxd4 4. Nxd4 Nf6 5. Nc3 d6 6. Bg5 e6 7. Qd2 a6 8. O-O-O Bd7 9. f4 Be7 10. Nf3 b5 11. Bxf6 gxf6 12. Kb1 Qb6 13. g3 O-O-O 14. f5 Kb8 15. Bh3 Bc8 16. fxe6 fxe6 17. Qe1 Rhe8 18. Ne2 Bf8 19. Rf1 Bh6 20. Nf4 d5 21. e5 f5 22. Qf2 Qxf2 23. Rxf2 b4 24. Bf1 Re7 25. Nd4 Nxd4 26. Rxd4 a5 27. Rf3 Rc7 28. Bb5 Rc5 29. Be2 Bg7 30. Re3 Bd7 31. b3 Rc3 32. Rxc3 bxc3 33. Nd3 Bb5 34. Rh4 h6 35. a4 Ba6 36. b4 axb4 37. Rxb4+ Ka7 38. g4 d4 39. gxf5 Bf8 40. fxe6 Bxd3 0-1

[Event "CAN-op"]
[Site "Edmonton CAN"]
[Date "2005.07.11"]
[Round "4"]
[White "Reuter, Gerhard"]
[Black "Barber, Glen"]
[Result "0-1"]
[WhiteElo "1749"]
[BlackElo "2005"]
[PlyCount "80"]
[GameId "2160767910901649"]
[EventDate "2005.07.09"]
[EventType "swiss"]
[EventRounds "10"]
[EventCountry "CAN"]
[SourceTitle "CBM 107 Extra"]
[Source "ChessBase"]
[SourceDate "2005.09.01"]
[SourceVersion "1"]
[SourceVersionDate "2005.09.01"]
[SourceQuality "1"]

1. f4 g6 2. e4 Bg7 3. Nf3 d6 4. d4 Nf6 5. Bd3 c5 6. c3 O-O 7. O-O Nbd7 8. Be3 cxd4 9. cxd4 e5 10. fxe5 dxe5 11. d5 Ng4 12. Qd2 Nxe3 13. Qxe3 Qe7 14. Nc3 Qc5 15. Nd1 Bh6 16. Qxc5 Nxc5 17. Bc2 Bg7 18. b4 Na6 19. a3 Bd7 20. Ne3 Rac8 21. Bd3 Rc3 22. Rfd1 Ba4 23. Rd2 Rfc8 24. Kf2 Nb8 25. g4 f6 26. h4 Nd7 27. Ke2 Nb6 28. Ne1 Bh6 29. g5 fxg5 30. Ng4 Kg7 31. Nxh6 Kxh6 32. Nf3 gxh4 33. Nxe5 Nxd5 34. Nf7+ Kg7 35. Nd6 Rd8 36. e5 Nf4+ 37. Ke3 Rxd3+ 38. Rxd3 Nxd3 39. Kxd3 Bc6 40. a4 h3 0-1

[Event "CAN-op"]
[Site "Edmonton CAN"]
[Date "2005.07.11"]
[Round "4"]
[White "Rivas Cabrera, Edgar"]
[Black "MacKinnon, Keith"]
[Result "1-0"]
[WhiteElo "1764"]
[BlackElo "1592"]
[PlyCount "87"]
[GameId "2160767910901650"]
[EventDate "2005.07.09"]
[EventType "swiss"]
[EventRounds "10"]
[EventCountry "CAN"]
[SourceTitle "CBM 107 Extra"]
[Source "ChessBase"]
[SourceDate "2005.09.01"]
[SourceVersion "1"]
[SourceVersionDate "2005.09.01"]
[SourceQuality "1"]

1. e4 c5 2. Nf3 d6 3. d4 cxd4 4. Qxd4 Nc6 5. Bb5 Qa5+ 6. Nc3 Qxb5 7. Nxb5 Nxd4 8. Nfxd4 Kd8 9. Bd2 Nf6 10. f3 g6 11. O-O-O Bd7 12. Rhe1 e5 13. Bg5 Bg7 14. Nxd6 Ke7 15. Nxb7 h6 16. Bxf6+ Bxf6 17. Ne2 Bg5+ 18. Kb1 Rab8 19. Nc5 Bc6 20. Nc3 Rhc8 21. Nd5+ Bxd5 22. Rxd5 Rb5 23. Na4 Rxd5 24. exd5 Kd6 25. Nc3 a6 26. Rd1 f5 27. a3 Bd8 28. Na4 Rc4 29. b3 Rd4 30. Rxd4 exd4 31. c4 dxc3 32. Nxc3 Bf6 33. Kc2 a5 34. Kd3 Bxc3 35. Kxc3 Kxd5 36. b4 a4 37. b5 Kc5 38. b6 Kxb6 39. Kb4 g5 40. Kxa4 f4 41. Kb4 Kc6 42. Kc4 Kb6 43. Kd5 Kb5 44. Ke5 1-0

[Event "CAN-op"]
[Site "Edmonton CAN"]
[Date "2005.07.11"]
[Round "4"]
[White "Ross, Malcolm"]
[Black "Roberts, Richard"]
[Result "0-1"]
[WhiteElo "1251"]
[BlackElo "1533"]
[PlyCount "88"]
[GameId "2160767910901651"]
[EventDate "2005.07.09"]
[EventType "swiss"]
[EventRounds "10"]
[EventCountry "CAN"]
[SourceTitle "CBM 107 Extra"]
[Source "ChessBase"]
[SourceDate "2005.09.01"]
[SourceVersion "1"]
[SourceVersionDate "2005.09.01"]
[SourceQuality "1"]

1. c4 Nf6 2. Nf3 Nc6 3. Nc3 e5 4. d4 e4 5. d5 exf3 6. dxc6 fxg2 7. cxd7+ Bxd7 8. Bxg2 c6 9. Qb3 Qc7 10. Bg5 Be7 11. e3 O-O 12. O-O-O Be6 13. Bf4 Qc8 14. Rhg1 Rd8 15. Rxd8+ Bxd8 16. Be4 g6 17. Bf3 b5 18. h4 Bxc4 19. Qa3 Bd5 20. Bd1 h5 21. Bg5 Ne4 22. Bxd8 Qxd8 23. Bxh5 Qxh4 24. Nxe4 Qxe4 25. Qc5 Bxa2 26. f4 Qb1+ 27. Kd2 Qxg1 28. Be2 Rd8+ 29. Kc3 Qc1+ 30. Kb4 Qxc5+ 31. Kxc5 Bd5 32. b4 Be4 33. Bg4 Rd3 34. Bc8 Rxe3 35. Bb7 Kf8 36. Kd4 Re1 37. Kc5 Ke7 38. Bxc6 Bxc6 39. Kxc6 Rf1 40. Kxb5 Rxf4 41. Ka5 Kd6 42. b5 Rf5 43. Ka6 Kc5 44. Kxa7 Kxb5 0-1

[Event "CAN-op"]
[Site "Edmonton CAN"]
[Date "2005.07.11"]
[Round "4"]
[White "Roy Chowdhury, Saptarshi"]
[Black "Shabalov, Alexander"]
[Result "0-1"]
[WhiteElo "2421"]
[BlackElo "2631"]
[PlyCount "60"]
[GameId "2160767910901652"]
[EventDate "2005.07.09"]
[EventType "swiss"]
[EventRounds "10"]
[EventCountry "CAN"]
[SourceTitle "CBM 107 Extra"]
[Source "ChessBase"]
[SourceDate "2005.09.01"]
[SourceVersion "1"]
[SourceVersionDate "2005.09.01"]
[SourceQuality "1"]

1. e4 c5 2. Nf3 Nc6 3. Bb5 e6 4. O-O Nge7 5. c3 a6 6. Ba4 b5 7. Bc2 Bb7 8. Qe2 d5 9. e5 d4 10. Be4 Nd5 11. d3 dxc3 12. Nxc3 Be7 13. Rd1 O-O 14. d4 cxd4 15. Nxd5 exd5 16. Bb1 g6 17. a4 b4 18. Nxd4 Nxd4 19. Rxd4 Bc5 20. Rd1 Qh4 21. Be3 d4 22. Bd2 d3 23. Bxd3 Rfe8 24. Qf1 Rxe5 25. Rac1 Rd8 26. Rc4 Qe7 27. Bf4 Rxd3 28. Bxe5 Rxd1 29. Qxd1 Qxe5 30. h3 Bd6 0-1

[Event "CAN-op"]
[Site "Edmonton CAN"]
[Date "2005.07.11"]
[Round "4"]
[White "Sagert, David"]
[Black "MacLeod, Damon"]
[Result "0-1"]
[WhiteElo "1810"]
[BlackElo "1601"]
[PlyCount "66"]
[GameId "2160767910901653"]
[EventDate "2005.07.09"]
[EventType "swiss"]
[EventRounds "10"]
[EventCountry "CAN"]
[SourceTitle "CBM 107 Extra"]
[Source "ChessBase"]
[SourceDate "2005.09.01"]
[SourceVersion "1"]
[SourceVersionDate "2005.09.01"]
[SourceQuality "1"]

1. e4 e5 2. Nf3 Nc6 3. d3 Nf6 4. Nbd2 Bc5 5. Nc4 d5 6. exd5 Nxd5 7. Ncxe5 Nxe5 8. Nxe5 Qe7 9. d4 Bb6 10. Be2 Bf5 11. O-O O-O-O 12. a3 Nf4 13. c3 Nxe2+ 14. Qxe2 f6 15. Qh5 g6 16. Nxg6 hxg6 17. Qd1 Qd6 18. f4 Rh4 19. g3 Rh3 20. Rf2 Rdh8 21. b4 Qd5 22. Raa2 Bd7 23. Be3 Bc6 24. Kf1 Qh1+ 25. Ke2 Rxh2 26. Qxh1 Bxh1 27. Kd3 Rxf2 28. Rxf2 c6 29. c4 f5 30. a4 Rh3 31. b5 Rxg3 32. Rb2 Be4+ 33. Ke2 Rg2+ 0-1

[Event "CAN-op"]
[Site "Edmonton CAN"]
[Date "2005.07.11"]
[Round "4"]
[White "Sandipan, Chanda"]
[Black "Neven, Knut"]
[Result "1-0"]
[WhiteElo "2600"]
[BlackElo "2233"]
[PlyCount "63"]
[GameId "2160767910901654"]
[EventDate "2005.07.09"]
[EventType "swiss"]
[EventRounds "10"]
[EventCountry "CAN"]
[SourceTitle "CBM 107 Extra"]
[Source "ChessBase"]
[SourceDate "2005.09.01"]
[SourceVersion "1"]
[SourceVersionDate "2005.09.01"]
[SourceQuality "1"]

1. e4 e6 2. d4 d5 3. Nc3 Bb4 4. e5 c5 5. a3 Bxc3+ 6. bxc3 Ne7 7. Qg4 Qc7 8. Qxg7 Rg8 9. Qxh7 cxd4 10. Ne2 dxc3 11. f4 Nbc6 12. Qd3 Bd7 13. Rb1 O-O-O 14. Qxc3 Kb8 15. Rg1 Nf5 16. g4 d4 17. Qd3 Nh4 18. Rg3 f6 19. exf6 Be8 20. f5 exf5 21. Bf4 Ne5 22. Qb3 Bc6 23. f7 Rxg4 24. Rxg4 fxg4 25. Nxd4 Nhg6 26. Ne6 Qe7 27. Nxd8 Nxf4 28. f8=Q Nf3+ 29. Kf2 Qh4+ 30. Ke3 Ng2+ 31. Bxg2 Qg5+ 32. Qf4+ 1-0

[Event "CAN-op"]
[Site "Edmonton CAN"]
[Date "2005.07.11"]
[Round "4"]
[White "Sasata, Robert"]
[Black "Henson, Joshua"]
[Result "1/2-1/2"]
[WhiteElo "2323"]
[BlackElo "2221"]
[PlyCount "85"]
[GameId "2160767910901655"]
[EventDate "2005.07.09"]
[EventType "swiss"]
[EventRounds "10"]
[EventCountry "CAN"]
[SourceTitle "CBM 107 Extra"]
[Source "ChessBase"]
[SourceDate "2005.09.01"]
[SourceVersion "1"]
[SourceVersionDate "2005.09.01"]
[SourceQuality "1"]

1. d4 Nf6 2. c4 e6 3. Nf3 b6 4. e3 Bb7 5. Bd3 Be7 6. O-O O-O 7. b3 d5 8. Bb2 Nbd7 9. Nbd2 Ne4 10. Qe2 Bd6 11. Rfd1 Qe7 12. Rac1 f5 13. Ne5 Bxe5 14. dxe5 c5 15. cxd5 exd5 16. f4 Rfd8 17. Nxe4 fxe4 18. Ba6 Bc6 19. b4 Rab8 20. bxc5 bxc5 21. Qd2 c4 22. a4 Qb4 23. Bc3 Qxa4 24. Ra1 Qb3 25. e6 Nf6 26. h3 Re8 27. f5 Qb6 28. Qf2 Qc7 29. Qh4 Rf8 30. Bd4 Rb3 31. Rf1 Rd3 32. Rfb1 Rb3 33. Rc1 h6 34. Bc5 Rfb8 35. Rf1 Rd3 36. Bd4 Rf8 37. Rfb1 Rb3 38. Rc1 Rd3 39. Rf1 Rb3 40. Qe1 Rd3 41. Ra2 Nh5 42. Bc5 Re8 43. Qh4 1/2-1/2

[Event "CAN-op"]
[Site "Edmonton CAN"]
[Date "2005.07.11"]
[Round "4"]
[White "Schulz, Waldemar"]
[Black "Gillanders, Robert"]
[Result "0-1"]
[WhiteElo "2056"]
[BlackElo "1765"]
[PlyCount "111"]
[GameId "2160767910901656"]
[EventDate "2005.07.09"]
[EventType "swiss"]
[EventRounds "10"]
[EventCountry "CAN"]
[SourceTitle "CBM 107 Extra"]
[Source "ChessBase"]
[SourceDate "2005.09.01"]
[SourceVersion "1"]
[SourceVersionDate "2005.09.01"]
[SourceQuality "1"]

1. Nf3 c5 2. g3 Nf6 3. Bg2 e6 4. O-O Be7 5. c4 d6 6. d4 cxd4 7. Nxd4 O-O 8. b3 a6 9. Bb2 e5 10. Nc2 Nc6 11. Nc3 Be6 12. Ne3 Qd7 13. Ned5 Bd8 14. Qd2 Bh3 15. Rfd1 Bxg2 16. Kxg2 Qf5 17. Ne3 Qh5 18. f3 Nd4 19. Ncd5 Nxd5 20. Nxd5 Bg5 21. Qd3 Ne6 22. Qf5 Qh6 23. Bc1 Bxc1 24. Raxc1 Nd4 25. Qd3 Rae8 26. e3 Nxf3 27. Kxf3 e4+ 28. Qxe4 Rxe4 29. Kxe4 f5+ 30. Kf3 Qh5+ 31. Kg2 Qe2+ 32. Kg1 g6 33. a3 Qb2 34. b4 Qxa3 35. Rc2 Qb3 36. Rdc1 Qd3 37. Kf2 Kg7 38. Nf4 Qe4 39. Rd2 Re8 40. Nd5 g5 41. Rd4 Qe5 42. Rg1 Kf7 43. Rgd1 Re6 44. R1d2 Kg7 45. Kg2 h5 46. Kf2 h4 47. Kf3 hxg3 48. hxg3 Rh6 49. Rg2 Rh1 50. Nb6 Re1 51. Nd5 Rc1 52. Rgd2 Qe8 53. Rh2 Qc6 54. b5 axb5 55. cxb5 Qxb5 56. Ne7 0-1